| 000 | 00942nam0a22002771 4500 | ||
|---|---|---|---|
| 001 | rc\642707 | ||
| 005 | 20031121164754.1 | ||
| 035 | _a(NLR Aleph) 005883836 | ||
| 090 |
_a6106104 _c6106104 |
||
| 100 | _a20031121d1986 u |0rusy50 ca | ||
| 101 | 0 | _arus | |
| 102 | _aRU | ||
| 105 | _aa ||||||||| | ||
| 200 | 1 | _aН.А. Обухова | |
| 205 | _a2-е изд. | ||
| 210 |
_aМ. _cМузыка _d1986 |
||
| 215 |
_a155, [3] с., [8] л. ил. _d20 |
||
| 320 | _aСтатьи и воспоминания Н.А. Обуховой, лит. о ней: с. 157 | ||
| 320 | _aКонцерт. репертуар Н.А. Обуховой: с. 151-156 | ||
| 600 | 1 |
_aОбухова _bН.А. _gНадежда Андреевна _2psbo |
|
| 700 | 1 |
_aПоляновский _bГ. А. _f1894-1983 _gГеоргий Александрович |
|
| 801 | 0 |
_aRU _bNLR _gpsbo |
|
| 801 | 1 |
_aRU _bELAR _2rusmarc |
|
| 852 |
_aNLR _j86-3/8227 |
||
| 942 | _cBOOK | ||
| 980 | _aNB | ||